UEFA Europa League 2020/21 - Statistiken

Allgemein
  • Dieses Quiz wurde 149 mal gespielt
  • Das Durchschnittsergebnis liegt bei 24 aus 48
Antwortstatistiken
Land Mannschaft % Korrekt
AUT SK Rapid Wien
85%
CZE Slavia Prag
77%
CZE Sparta Prag
77%
NED AZ Alkmaar
75%
GER Bayer 04 Leverkusen
75%
CRO Dinamo Zagreb
74%
ENG FC Arsenal
73%
GER TSG 1899 Hoffenheim
70%
AUT LASK
69%
POR Benfica Lissabon
65%
ENG Tottenham Hotspur
65%
ITA AC Mailand
64%
BEL KAA Gent
63%
ITA AS Rom
61%
SCO Glasgow Rangers
61%
SCO Celtic Glasgow
60%
CYP Omonia Nikosia
60%
NED PSV Eindhoven
59%
SUI BSC Young Boys Bern
58%
BUL ZSKA Sofia
56%
GRE AEK Athen
52%
NED Feyenoord Rotterdam
52%
ISR Maccabi Tel Aviv
52%
SRB FK Roter Stern Belgrad
49%
BEL Royal Antwerpen
47%
POR Sporting Braga
47%
GRE PAOK Thessaloniki
46%
RUS ZSKA Moskau
45%
BEL Standard Lüttich
44%
FRA OGC Nizza
43%
FRA OSC Lille
43%
AZE Qarabag Agdam
39%
AUT Wolfsberger AC
39%
ENG Leicester City
37%
ROM CFR Cluj
34%
ITA SSC Neapel
34%
IRL Dundalk FC
31%
ESP FC Granada
31%
CRO HNK Rijeka
31%
NOR Molde FK
31%
ESP Real Sociedad San Sebastian
30%
CZE Slovan Liberec
30%
ISR Hapoel Be'er Sheva
29%
ESP FC Villarreal
28%
BUL Ludogorez Rasgrad
27%
POL Lech Posen
25%
TUR Sivasspor
17%
UKR Sorja Luhansk
14%
Keine übereinstimmenden Quizze gefunden
Verteilung der Resultate
Anzahl Personen mit jedem Resultat
Perzentil nach korrekt beantworteten Fragen
Ihre Resultats-Entwicklung
Sie haben dieses Quiz noch nicht gespielt